Curiosidades del lenguaje
Gespeichert in:
| 1. Verfasser: | |
|---|---|
| Format: | Buch |
| Sprache: | Spanisch |
| Veröffentlicht: |
Madrid
Paraninfo
1972
|
| Schlagworte: | |
| Tags: |
Tag hinzufügen
Keine Tags, Fügen Sie den ersten Tag hinzu!
|
MARC
| LEADER | 00000nam a2200000 a 4500 | ||
|---|---|---|---|
| 001 | UCM0833 | ||
| 003 | CL-VaPUC | ||
| 008 | 020315e19720000SP |||||||||||||||||spa|d | ||
| 082 | 0 | 4 | |a 808.882 |b CUA |2 21 |
| 100 | 0 | |a Cuartas, Augusto |e author |9 467832 | |
| 245 | 1 | 0 | |a Curiosidades del lenguaje |
| 300 | |a 311 p | ||
| 942 | |c BK | ||
| 945 | |d 20020315 00:00:00 |a cmena | ||
| 260 | |a Madrid |b Paraninfo |c 1972 | ||
| 650 | 7 | |a REFRANES |2 CL-VaPUC |9 373405 | |
| 650 | 0 | |a Etimología |9 337976 | |
| 650 | 0 | |a Anécdotas |9 313436 | |
| 650 | 7 | |a EPIGRAMAS |2 CL-VaPUC |9 433332 | |
| 583 | |a last modification |c 20020315 00:00:00 |k Rodrigo Vera | ||
| 999 | |c 299646 |d 299644 | ||
| 952 | |0 0 |1 0 |4 0 |6 808_882000000000000_CUA_1972 |7 0 |8 A |9 356391 |a BIBEDU |b BIBEDU |d 2019-11-21 |i 3798208 |o 808.882 CUA 1972 |p 3798208 |r 2019-11-21 |w 2019-11-21 |y BK |k LIT | ||